INPLUENZA : VIRUS, VACCINES AND STRATEGY (Record no. 22351)

MARC details
000 -LEADER
fixed length control field 00368nam a22001457a 4500
003 - CONTROL NUMBER IDENTIFIER
control field SGT
082 ## - DEWEY DECIMAL CLASSIFICATION NUMBER
Classification number 616.01
Item number I76S
100 ## - MAIN ENTRY--PERSONAL NAME
Personal name SELGY, PHILIP
245 ## - TITLE STATEMENT
Title INPLUENZA : VIRUS, VACCINES AND STRATEGY
260 ## - PUBLICATION, DISTRIBUTION, ETC. (IMPRINT)
Place of publication, distribution, etc LONDON
Name of publisher, distributor, etc ACADEMIC PRESS PUB
Year of Publication 1976
300 ## - PAGE DESCRIPTION
No. of Pages 354
650 ## - SUBJECT ADDED ENTRY--TOPICAL TERM
Topical term or geographic name as entry element MICROBIOLOGY
653 ## - KEYWORDS--INDEX TERM
Keyword term INPLUENZA : VIRUS, VACCINES AND STRATEGY
942 ## - ADDED ENTRY ELEMENTS (KOHA)
Source of classification or shelving scheme Dewey Decimal Classification
Koha item type Rare Books
Holdings
Withdrawn status Lost status Source of classification or shelving scheme Damaged status Not for loan Collection code Home library Current library Shelving location Date acquired Vendor Name Total Checkouts Full call number Accession No. (Barcode) Date last seen Bill Date Koha item type
    Dewey Decimal Classification   Not For Loan NURSING SGT Medical Library SGT Medical Library Reference Book 02/03/2022 COMP.   616.01 I76S FN4700 02/03/2022 02/03/2022 Rare Books